000 00862nam a2200205 a 4500
001 000005387
005 20200929151649.0
008 090819s1992 sp r 001 0 spa d
020 _a8479520809
040 _aDO-SdBNP
_bspa
_cBNPHU
082 _axxxx
_bT253e
245 0 3 _aEl teatro en España :
_bentre la tradición y la vanguardia, 1918-1939 /
_ccoordinación y edición, Dru Dougherty, Ma. Francisca Vilches de Frutos.
260 _aMadrid, España :
_bConsejo Superior de Investigaciones Científicas ;
_bFundación Federico García Lorca,
_c1992.
300 _a513 p. :
_bil. ;
_c29 cm.
500 _aIncluye índice
500 _aIncluye referencias bibliográficas y notas al pie de las páginas
504 _aBibliografía : p. 471-495
700 1 _aDougherty, Dru,
_ecoord., ed.
_915291
700 1 _aVilches de Frutos, Ma. Francisca,
_ecoord., ed.
_915292
999 _c5187
_d5187